Report of the pan-African Parliament seminar on the harmonisation of regional Economic communities and regional Parliamentary Bodies (Record no. 672)
[ view plain ]
| 000 -LEADER | |
|---|---|
| fixed length control field | 00378nam a22000977a 4500 |
| 008 - FIXED-LENGTH DATA ELEMENTS--GENERAL INFORMATION | |
| fixed length control field | 230606b xxu||||| |||| 00| 0 eng d |
| 082 ## - DEWEY DECIMAL CLASSIFICATION NUMBER | |
| Classification number | 351.24921 |
| Item number | PAN |
| 245 ## - TITLE STATEMENT | |
| Title | Report of the pan-African Parliament seminar on the harmonisation of regional Economic communities and regional Parliamentary Bodies |
| Remainder of title | Mowana lodge -kasane, botswana |
| Statement of responsibility, etc. | 12-13 Marcg 2007 |
| 300 ## - PHYSICAL DESCRIPTION | |
| Extent | 44p |
| 942 ## - ADDED ENTRY ELEMENTS (KOHA) | |
| Source of classification or shelving scheme | Dewey Decimal Classification |
| Koha item type | Books |
| Withdrawn status | Lost status | Source of classification or shelving scheme | Damaged status | Not for loan | Home library | Current library | Date acquired | Total Checkouts | Full call number | Barcode | Date last seen | Price effective from | Koha item type |
|---|---|---|---|---|---|---|---|---|---|---|---|---|---|
| Dewey Decimal Classification | Bunge Tower Library | Bunge Tower Library | 06/08/2023 | 351.24921 PAN | 100001406 | 06/08/2023 | 06/08/2023 | Books |
